| 000 | 00455nam a2200169Ia 4500 | ||
|---|---|---|---|
| 008 | 230917s9999||||xx |||||||||||||| ||und|| | ||
| 020 | _cRS 425.00 | ||
| 040 |
_e5009226 _aMAIN |
||
| 041 | _aEnglish | ||
| 082 | _a658 R18M | ||
| 100 | _aRao, V S P | ||
| 245 | 0 | _aManagement principles and applications | |
| 260 |
_aNew Delhi _bTaxmann Publications _c2016 |
||
| 300 | _a495 p. | ||
| 500 | _a3932 01/01/2020 HBD20/8167 20/01/2020 Main Budget | ||
| 942 | _cBK | ||
| 999 |
_c1170 _d1170 |
||